000 00572nam a2200217Ia 4500
999 _c49275
_d49275
001 16191
003 GE_BSU
005 20231002164819.0
008 181216s2009||||enk|||||||||||||| ||eng||
020 _a9780194306447x
040 _cGE_BSU
041 _aeng
080 _a94(410)+908(410) D-81
100 _aO'Driscoll, James
_919973
245 _aBritain:
_bFor learners of Englihs /
_cJames O'Driscoll.
250 _aSecond edition
264 _aOxford
_c2009
300 _a224 p.
_bill.
_c29cm.
653 _aინგლისური ენა
942 _cBK
_2udc